Ako sa darí poľskému dôchodkovému trhu tretí pilier: príliš dobrý na to, aby fungoval ?
Pokračovanie článku o systéme dôchodkového poistenia v Poľsku. Kolektívne a individuálne formy dôchodkové sporenia a ich základné podoby v poľskom treťom pilieri. Programy a zhodnocovanie prostriedkov.
Guardado en:
| Autor principal: | |
|---|---|
| Formato: | Capítulo de libro |
| Lenguaje: | eslovaco |
| Materias: | |
| Etiquetas: |
Sin Etiquetas, Sea el primero en etiquetar este registro!
|
MARC
| LEADER | 00000naa a2200000 4500 | ||
|---|---|---|---|
| 001 | 0125088 | ||
| 005 | 20231019092115.9 | ||
| 041 | 0 | |a slo | |
| 044 | |a SK | ||
| 245 | 1 | 0 | |a Ako sa darí poľskému dôchodkovému trhu |b tretí pilier: príliš dobrý na to, aby fungoval ? |c Vladimír Baláž |
| 520 | |a Pokračovanie článku o systéme dôchodkového poistenia v Poľsku. Kolektívne a individuálne formy dôchodkové sporenia a ich základné podoby v poľskom treťom pilieri. Programy a zhodnocovanie prostriedkov. | ||
| 610 | 2 | 0 | |a Poľsko |
| 610 | 2 | 0 | |a systémy dôchodkové |
| 610 | 2 | 0 | |a sporenie dôchodkové |
| 610 | 2 | 0 | |a poistenie dôchodkové |
| 610 | 2 | 0 | |a účty osobné dôchodkové |
| 610 | 2 | 0 | |a spoločnosti správcovské dôchodkové |
| 610 | 2 | 0 | |a fondy penzijné |
| 610 | 2 | 0 | |a reformy dôchodkové |
| 100 | 1 | |a Baláž, Vladimír | |